000 00577nam a22001937a 4500
003 OSt
005 20250709004339.0
008 250709b |||||||| |||| 00| 0 eng d
020 _a0863186696
040 _aDWCL - Main lib
_cOC
082 _aCirc. 641.5636 V422 1991
100 _aBrown, Sarah
245 _aVegetarian cookery/
_cSarah Brown
260 _aLondon :
_bDorling kindersley Limited,
_cc1991.
300 _a224 pages :
_b illustrations (some color) ;
_c21 cm.
504 _aIncludes index.
650 _a1. Vegetarian Cooking.
942 _2ddc
_cBK-CIRC
_kCirc.
_n0
999 _c3494
_d3494